000 01211cam a2200337 a 4500
003 CO-BoRNBP
005 20230428154523.0
007 ta
008 970618s1997 ck a r 00010 spa d
020 _a958939339X
040 _aCO-BoRNBP
_bspa
_erda
_cCO-BoRNBP
041 0 _aspa
043 _as-ck---
082 0 4 _aR 918.61
_bP84c
100 1 0 _aPulecio Mariño, Enrique
_91405
245 1 0 _aColombia panorámica
_ctextos Enrique Pulecio Mariño ; fotografía Miguel Salazar Aparicio ; dirección, diseño y edición Benjamín Villegas
250 _a1a. edición
264 _aBogotá
_bVillegas Editores
_c1997
300 _a259 páginas
_bilustraciones
_c41 cm.
336 _atexto
_btxt
_2rdacontent
337 _asin mediación
_bn
_2rdamedia
338 _avolumen
_bnc
_2rdacarrier
500 _aDonación Villegas Editores
650 1 4 _2LEMB
_aPaisaje
_vFotografía
_zColombia
_91579
650 1 4 _2LEMB
_aMonumentos naturales
_vFotografía
_zColombia
_91580
651 4 _aColombia
_xDescripciones y viajes
_9622
651 4 _aColombia
_xGeografía
_vFotografía
_91581
700 1 0 _aVillegas, Benjamín
_d1948-
_eeditor
_9597
700 1 0 _aSalazar Aparicio, Miguel
_efotógrafo
_91582
942 _2ddc
_cREF
999 _c9450
_d9450